Catálogo público

Commercial apple orcharding in Ohio / (Record no. 203409)

MARC details
000 -CABECERA
campo de control de longitud fija 00807nam a2200265Ia 4500
001 - NÚMERO DE CONTROL
campo de control Para_4950
003 - IDENTIFICADOR DEL NÚMERO DE CONTROL
campo de control CHAP
008 - DATOS DE LONGITUD FIJA--INFORMACIÓN GENERAL
campo de control de longitud fija 220125s1911 xx 000 0 und d
010 ## - NÚMERO DE CONTROL DE LA BIBLIOTECA DEL CONGRESO
Número de control de LC 203409
040 ## - FUENTE DE LA CATALOGACIÓN
Centro/agencia transcriptor CHAP
082 ## - NÚMERO DE LA CLASIFICACIÓN DECIMAL DEWEY
Número de clasificación PA-C 632.9 T4
100 ## - ENTRADA PRINCIPAL--NOMBRE DE PERSONA
Nombre de persona Gossard, H. A.
9 (RLIN) 50071
245 ## - MENCIÓN DE TÍTULO
Título Commercial apple orcharding in Ohio /
Mención de responsabilidad, etc. H. A. Gossard
260 ## - PUBLICACIÓN, DISTRIBUCIÓN, ETC.
Lugar de publicación, distribución, etc. Wooster, Ohio :
Nombre del editor, distribuidor, etc. Agricultural Experiment Station
300 ## - DESCRIPCIÓN FÍSICA
Extensión 15 p.
500 ## - NOTA GENERAL
Nota general Encuadernado con: the hessian Fly in Ohio/C. E. Thorne
650 ## - PUNTO DE ACCESO ADICIONAL DE MATERIA--TÉRMINO DE MATERIA
Término de materia o nombre geográfico como elemento de entrada Control de plagas Manzana
Subdivisión general Rendimiento Aspersión
-- Efecto en árboles frutales
9 (RLIN) 169179
901 ## - ELEMENTOS DE DATOS A LOCAL LDA (RLIN)
a PA-C 632.9 T4
902 ## - ELEMENTOS DE DATOS B LOCAL, LDB (RLIN)
a A
905 ## - ELEMENTOS DE DATOS E LOCAL, LDE (RLIN)
a 0000001911 WOO 0000000000 00
910 ## - DATOS DE OPCIÓN DEL USUARIO (OCLC)
Datos de opción del usuario 1911
942 ## - ELEMENTOS DE PUNTO DE ACCESO ADICIONAL (KOHA)
Tipo de ítem Koha Parasitologia_
942 ## - ELEMENTOS DE PUNTO DE ACCESO ADICIONAL (KOHA)
Tipo de ítem Koha Parasitologia_
-- 1
Holdings
Estado de retiro Estado de pérdida Fuente del sistema de clasificación o colocación Estado dañado Restricciones de uso No para préstamo Código de colección Localización permanente Ubicación/localización actual Ubicación en estantería Fecha de adquisición Información codificada de la localización en otra ubicación Total de préstamos Código de barras Fecha visto por última vez Precio válido a partir de Tipo de ítem Koha Nota pública
    Dewey Decimal Classification   Préstamo interno   Consulta Parasitologia Agricola Parasitologia Agricola   27/10/2005 PARA   PA_2451-8 25/01/2022 25/01/2022 Libro 3